LEADER 01197nam a2200253 i 4500 001 000000035738 003 CaOOAMICUS 005 20051013000000.0 008 051013s1990 it u000 u ita u 013 $a4286 040 $aSeMil$bita 100 1 $aCenacchi, Giuseppe <1931- >.$0(OLS)http://semarc/name/16725 245 10$aStoria della filosofia dell'esistenza nel pensiero italiano contemporaneo /$cGiuseppe Cenacchi. 260 $aCittà del Vaticano :$bLibreria Editrice Vaticana,$c1990. 300 $a285 p. ;$c25 cm. 500 $aA piè del front. : Pontificia Accademia di S. Tommaso. 650 4$aFilosofia contemporanea.$0(OLS)http://semarc/subject/3676 650 4$aEsistenzialismo - Filosofia.$0(OLS)http://semarc/subject/5568 650 4$aFilosofia italiana - Sec. 20.$0(OLS)http://semarc/subject/2305 850 $aSeMil 852 $aSeMil$W1$xVenegono$y1$m2R IV 189$j1893$B1893$CSeMilBibl$Z2$F1893 $81 961 $aOmaggio: Scuola Cattolica 996 $6245$aStoria della filosofia dell'esistenza nel pensiero italiano contemporaneo$9(OLS)http://semarc/title/49126 996 $6260$aCittà del Vaticano :$bLibreria Editrice Vaticana$9(OLS)http://semarc/publisher/29734 LEADER 00821nam a2200217 i 4500 001 000000049581 003 CaOOAMICUS 005 20120630000000.0 008 120630s1970 xx u000 u fre u 013 $a20752 040 $aSeMil$bita 100 1 $aDu Roy, Olivier.$0(OLS)http://semarc/name/24550 245 13$aLa réciprocité :$bessai de morale fondamentale /$cOlivier Du Roy. 260 $aParis :$bEP1,$c1970. 300 $a299 p. ;$c20 cm. 500 $aContiene : Appendice. 650 4$aMorale - Fondamenti.$0(OLS)http://semarc/subject/6156 850 $aSeMil 852 $aSeMil$W1$xVenegono$y1$m2E II 159$j15736$B15736$CSeMilBibl$Z2$F15736 $81 996 $6245$aLa réciprocité :$bessai de morale fondamentale$9(OLS)http://semarc/title/75446 996 $6260$aParis :$bEP1$9(OLS)http://semarc/publisher/41134